000 00441nam a2200133Ia 4500
008 221007s9999 xx 000 0 und d
041 _aeng
082 _bPRA
100 _aPrakash Harsha - 2k131074; Prof. Geeta Jadhav - Guide & [Company Name] - City Corporation Ltd
_9103246
245 _aAttendance Management at City Corporation Limited
260 _cSep-14
_bSavitribai Phule Pune University
_aPune
300 _a45p
906 _bGeneral
999 _c73607
_d73607